|
|
|
|
| LEADER |
01195nam a2200265 a 4500 |
| 001 |
3423278 |
| 008 |
091104s1989 fr b i000 0 eng d |
| 010 |
|
|
|a \\\90172826
|
| 020 |
|
|
|a 9264132791
|
| 020 |
|
|
|a 8120407601
|
| 040 |
|
|
|a DLC
|c DLC
|
| 082 |
0 |
0 |
|a 338/.064/091724
|2 20
|
| 100 |
1 |
|
|a Ernst, Dieter,
|d 1942-
|
| 245 |
1 |
0 |
|a Technology and global competition :
|b the challenge for newly industrialising economies /
|c by Dieter Ernst and David O'Connor.
|
| 260 |
|
|
|a Paris :
|b Development Centre of the Organisation for Economic Co-operation and Development ;
|a Washington, D.C. :
|b OECD Publications and Information Centre, distributor,
|c 1989.
|
| 300 |
|
|
|a 153 p. ;
|c 24 cm.
|
| 490 |
0 |
|
|a Development Centre studies
|
| 504 |
|
|
|a Includes bibliographical references (p. 145-149).
|
| 541 |
1 |
|
|e 00011183
|
| 650 |
|
0 |
|a Technological innovations
|x Economic aspects
|z Developing countries.
|
| 650 |
|
0 |
|a Competition, International.
|
| 700 |
1 |
|
|a O'Connor, David C.,
|d 1953-
|
| 852 |
4 |
|
|a Ayesha Abed Library
|j General shelf
|
| 999 |
|
|
|c 7598
|d 7598
|
| 952 |
|
|
|0 0
|1 0
|2 ddc
|4 0
|6 338_064091724000000_ERN_1989
|7 0
|9 8286
|a BRACUL
|b BRACUL
|c GEN
|d 2010-02-17
|l 0
|o 338.064091724 ERN
|p 3010011183
|r 2010-02-17
|t 1
|w 2010-02-17
|y BK
|